Online
Catalog

Actas de los dos primeros congresos obreros dominicanos 1920 - 1922 / (Record no. 3960)

MARC details
000 -CABECERA
campo de control de longitud fija 01555nam a2200349 a 4500
001 - NÚMERO DE CONTROL
campo de control 000004144
003 - IDENTIFICADOR DEL NÚMERO DE CONTROL
campo de control DO-SdBNP
005 - FECHA Y HORA DE LA ÚLTIMA TRANSACCIÓN
campo de control 20240508073814.0
007 - CAMPO FIJO DE DESCRIPCIÓN FÍSICA--INFORMACIÓN GENERAL
campo de control de longitud fija ta
008 - DATOS DE LONGITUD FIJA--INFORMACIÓN GENERAL
campo de control de longitud fija 090717e2007 dr ao fr 001 0 spa d
020 ## - NÚMERO INTERNACIONAL ESTÁNDAR DEL LIBRO
Número Internacional Estándar del Libro 9789945020229
040 ## - FUENTE DE LA CATALOGACIÓN
Centro catalogador/agencia de origen DO-SdBNP
Lengua de catalogación spa
Centro/agencia transcriptor BNPHU
082 #4 - NÚMERO DE LA CLASIFICACIÓN DECIMAL DEWEY
Número de clasificación 331.8097293
Número de documento/Ítem C749a
Número de edición 22
111 2# - ENTRADA PRINCIPAL--NOMBRE DE CONGRESO/REUNIÓN
Nombre de congreso/reunión o jurisdicción como elemento de entrada Congresos Obreros Nacional
Número del congreso/reunión o número de parte o sección (1ro :
Fecha del congreso/reunión 1920:
Sede del congreso/Lugar de la reunión Santo Domingo)
9 (RLIN) 12265
245 10 - MENCIÓN DE TÍTULO
Título Actas de los dos primeros congresos obreros dominicanos 1920 - 1922 /
Mención de responsabilidad, etc. Editores,Dantes Ortiz, Modesto Cuesta ; Presentación Roberto Cassá
260 ## - PUBLICACIÓN, DISTRIBUCIÓN, ETC.
Lugar de publicación, distribución, etc. Santo Domingo :
Nombre del editor, distribuidor, etc. Archivo General de la Nación,
Fecha de publicación, distribución, etc. 2007.
300 ## - DESCRIPCIÓN FÍSICA
Extensión 137, (6) p. :
Otras características físicas il, fotogr. ;
Dimensiones 23 cm.
490 1# - MENCIÓN DE SERIE
Mención de serie Archivo General de la Nación ;
Designación de volumen o secuencia 36
500 ## - NOTA GENERAL
Nota general Incluye índice onomástico : p.135- 137
505 ## - NOTA DE CONTENIDO CON FORMATO
Nota de contenido con formato Presentación.
505 ## - NOTA DE CONTENIDO CON FORMATO
Nota de contenido con formato Primer Congreso Nacional Obrero 15- 29 de mayo de 1920.--
Título Congreso Nacional Obrero.--
505 ## - NOTA DE CONTENIDO CON FORMATO
Nota de contenido con formato Segundo congreso Nacional Obrero 26 enero - 13 de febrero de 1922.--
Título Conclusión de la Conferencia Dominicana del Trabajo.--
-- Índice onomástico.
590 ## - NOTA LOCAL (RLIN)
Nota local Inventariado, 2018/VM
650 #4 - PUNTO DE ACCESO ADICIONAL DE MATERIA--TÉRMINO DE MATERIA
Término de materia o nombre geográfico como elemento de entrada Sindicalismo
Subdivisión general Historia
Subdivisión geográfica República Dominicana
9 (RLIN) 12266
650 #4 - PUNTO DE ACCESO ADICIONAL DE MATERIA--TÉRMINO DE MATERIA
Término de materia o nombre geográfico como elemento de entrada Sindicatos
Subdivisión general Historia
Subdivisión geográfica República Dominicana
9 (RLIN) 12267
650 #4 - PUNTO DE ACCESO ADICIONAL DE MATERIA--TÉRMINO DE MATERIA
Término de materia o nombre geográfico como elemento de entrada Negociaciones colectivas de trabajo
Subdivisión general Historia
Subdivisión geográfica República Dominicana
9 (RLIN) 12268
700 1# - PUNTO DE ACCESO ADICIONAL--NOMBRE DE PERSONA
Nombre de persona Ortiz, Dantes,
Término indicativo de función/relación ed.
9 (RLIN) 123
700 1# - PUNTO DE ACCESO ADICIONAL--NOMBRE DE PERSONA
Nombre de persona Cuesta, Modesto,
Término indicativo de función/relación ed.
9 (RLIN) 3209
700 1# - PUNTO DE ACCESO ADICIONAL--NOMBRE DE PERSONA
Nombre de persona Cassá, Roberto,
Fechas asociadas al nombre 1948-
Término indicativo de función/relación present.
9 (RLIN) 10888
910 ## - DATOS DE OPCIÓN DEL USUARIO (OCLC)
Datos de opción del usuario Validado. Control de calidad MMOLINA
942 ## - ELEMENTOS DE PUNTO DE ACCESO ADICIONAL (KOHA)
Fuente del sistema de clasificación o colocación Dewey Decimal Classification
Tipo de ítem Koha Libro
Holdings
Estado de retiro Estado de pérdida Fuente del sistema de clasificación o colocación Restricciones de uso No para préstamo Código de colección Localización permanente Ubicación/localización actual Ubicación en estantería Fecha de adquisición Signatura topográfica completa Código de barras Fecha visto por última vez Precio válido a partir de Tipo de ítem Koha Número de copia Fuente de adquisición
    Dewey Decimal Classification Excluido de préstamo   Patrimonio Dominicano Biblioteca Nacional Pedro Henríquez Ureña Biblioteca Nacional Pedro Henríquez Ureña Depósito 17.07.2009 BNPHU PD 331.8097293 C749a 4144-10 25.06.2020 25.06.2020 Libro    
    Dewey Decimal Classification Excluido de préstamo   Patrimonio Dominicano Biblioteca Nacional Pedro Henríquez Ureña Biblioteca Nacional Pedro Henríquez Ureña Depósito 13.10.2010 BNPHU PD 331.8097293 C749a 4144-20 25.06.2020 25.06.2020 Libro e. 2  
    Dewey Decimal Classification Préstamo en sala   Dominicana de Servicio Biblioteca Nacional Pedro Henríquez Ureña Biblioteca Nacional Pedro Henríquez Ureña Depósito 13.10.2010 BNPHU DS 331.8097293 C749a 4144-30 25.06.2020 25.06.2020 Libro e. 3 Depósito legal
    Dewey Decimal Classification Préstamo en sala   Dominicana de Servicio Biblioteca Nacional Pedro Henríquez Ureña Biblioteca Nacional Pedro Henríquez Ureña Depósito 13.10.2010 BNPHU DS 331.8097293 C749a 4144-40 25.06.2020 25.06.2020 Libro e. 4  
    Dewey Decimal Classification Préstamo en sala   Dominicana de Servicio Biblioteca Nacional Pedro Henríquez Ureña Biblioteca Nacional Pedro Henríquez Ureña Depósito 26.11.2010 BNPHU DS 331.8097293 C749a 4144-50 25.06.2020 25.06.2020 Libro e. 5  

Powered by Koha